000 00886nab a2200265 u 4500
001 21010
003 HDC
007 cr bn ---aaaaa
008 210307b2015mmddmy d||ne||||| 00| 0 may d
040 _aHDC
100 _aNabila Yasmin Razib
_97621
245 0 _aPKS disaran manfaat teknologi ICT
_c/ Nabila Yasmin Razib
260 _aMalaysia:
_bMedia Mulia,
_c2015
300 _a1 online resource (page 19)
336 _atext
_2rdacontent
337 _acomputer
_2rdamedia
338 _aonline resource
_2rdacarrier
650 _aBusiness enterprise
_zMalaysia
_918746
650 _aSmall business
_zMalaysia
_91307
710 _aUtusan Malaysia
856 _zRequest full-text at [email protected]
942 _2lcc
942 _cNEWS
942 _kNWSC 002671
999 _c18326
_d18326